[Event "ICS rated standard match"]
[Site "207.99.83.227"]
[Date "1999.05.20"]
[Round "?"]
[White "Hossa"]
[Black "PatrickBateman"]
[Result "1/2-1/2"]
[WhiteElo "2282"]
[BlackElo "2117"]
[PlyCount "123"]

1. Nf3 Nf6 2. b3 g6 3. Bb2 Bg7 4. c4 O-O 5. g3 e6 6. Bg2 c6 7. d4 d5 8. O-O
Nbd7 9. Nbd2 b6 10. Qe1 Ba6 11. e4 Rc8 12. e5 Ng4 13. h3 Nh6 14. Ba3 Re8 15.
Bd6 Nf5 16. Qc1 Nxd6 17. exd6 c5 18. Ne5 Nxe5 19. dxe5 Bxe5 20. Rb1 Qxd6 21.
Rd1 Bg7 22. Qa3 Bb7 23. Qxa7 Qc7 24. cxd5 exd5 25. Nc4 dxc4 26. Qxb7 Qxb7 27.
Bxb7 Rc7 28. Ba6 c3 29. Bb5 Ra8 30. Rbc1 Bd4 31. a4 Rd8 32. Kg2 Re7 33. Rxc3
Rd6 34. h4 Rde6 35. Rcd3 Re1 36. Rxe1 Rxe1 37. b4 Rb1 38. bxc5 Bxc5 39. g4 Rb2
40. Rf3 Rb4 41. Kh3 Kg7 42. g5 Rb2 43. Kg3 Bd4 44. Kg2 f5 45. Rf4 Bc5 46. Rf3
Rb4 47. Kh3 Rg4 48. Bd7 Rb4 49. h5 Kf8 50. Bb5 Rg4 51. hxg6 hxg6 52. Bc6 Rxg5
53. Rf4 Ke7 54. Rf3 Kd6 55. Be8 Ke5 56. Kh2 Kd4 57. Bc6 Bd6+ 58. Kh3 Rh5+ 59.
Kg2 Rg5+ 60. Kh3 Ke5 61. Re3+ Kd4 62. Rf3 {Game drawn by repetition} 1/2-1/2

[Event "ICS Rated standard match"]
[Site "207.99.83.227"]
[Date "1999.05.20"]
[Round "?"]
[White "Hossa"]
[Black "farouk"]
[Result "1-0"]
[WhiteElo "2276"]
[BlackElo "2183"]
[PlyCount "24"]

1. c4 e5 2. Nc3 Nf6 3. Nf3 Nc6 4. g3 d5 5. cxd5 Nxd5 6. Bg2 Be6 7. O-O Be7 8.
d4 exd4 9. Nxd4 Nxd4 10. Qxd4 Bf6 11. Qa4+ Bd7 12. Qe4+ 12... Be6 {
farouk resigns} 1-0

[Event "ICS rated standard match"]
[Site "207.99.83.227"]
[Date "1999.05.20"]
[Round "?"]
[White "Pinhead"]
[Black "Hossa"]
[Result "0-1"]
[WhiteElo "2054"]
[BlackElo "2283"]
[PlyCount "36"]

1. e4 e5 2. Nf3 d5 3. Nxe5 dxe4 4. Bc4 Nh6 5. Qe2 f6 6. Qh5+ g6 7. Nxg6 hxg6 8.
Qxg6+ Kd7 9. Qxe4 c6 10. d4 Kc7 11. Bf4+ Bd6 12. O-O Bf5 13. Qe3 Ng4 14. Bxd6+
Qxd6 15. Qg3 Nxh2 16. Qg7+ Nd7 17. Nd2 Ng4 18. Nf3 18... Rh7 {Pinhead resigns}
0-1

[Event "ICS Rated blitz match"]
[Site "207.99.83.227"]
[Date "1999.05.20"]
[Round "?"]
[White "Hossa"]
[Black "Batusich"]
[Result "1-0"]
[WhiteElo "2419"]
[BlackElo "2162"]
[PlyCount "21"]

1. Nf3 d5 2. g3 c5 3. Bg2 Nc6 4. Nc3 e6 5. O-O Nf6 6. d4 cxd4 7. Nxd4 Bc5 8.
Be3 O-O 9. Nxc6 Qb6 10. Ne7+ Kh8 11. Na4 {Batusich resigns} 1-0

[Event "ICS Rated standard match"]
[Site "207.99.83.227"]
[Date "1999.05.20"]
[Round "?"]
[White "Hossa"]
[Black "Alex72"]
[Result "0-1"]
[WhiteElo "2290"]
[BlackElo "2054"]
[PlyCount "65"]

1. Nf3 Nf6 2. b3 d6 3. Nc3 g6 4. e4 Bg7 5. d4 c5 6. Bb5+ Bd7 7. Bxd7+ Nfxd7 8.
Bb2 O-O 9. d5 b5 10. O-O a5 11. Rb1 a4 12. Nxb5 axb3 13. axb3 Qb6 14. Bxg7 Kxg7
15. Ra1 Rxa1 16. Qxa1+ Nf6 17. Qa4 Nbd7 18. Ra1 Rb8 19. Na7 Ra8 20. c3 c4 21.
b4 Nxe4 22. Qxd7 Qxf2+ 23. Kh1 Qb2 24. Re1 Nf2+ 25. Kg1 Nd3 26. Rf1 Qe2 27. Nc6
Qe3+ 28. Kh1 Nf2+ 29. Kg1 Ng4+ 30. Kh1 Ra1 31. Rxa1 Nf2+ 32. Kg1 Nh3+ 33. Kh1 {
Hossa resigns} 0-1

[Event "ICS rated blitz match"]
[Site "207.99.83.227"]
[Date "1999.05.20"]
[Round "?"]
[White "Volovka"]
[Black "Hossa"]
[Result "1-0"]
[WhiteElo "2256"]
[BlackElo "2436"]
[PlyCount "79"]

1. c4 e5 2. b3 Nf6 3. Bb2 Nc6 4. Nf3 e4 5. Nd4 Bb4 6. Nxc6 dxc6 7. a3 Bd6 8. e3
Ng4 9. Be2 Qh4 10. Bxg4 Bxg4 11. Qc1 O-O 12. Nc3 Be6 13. Qc2 Bf5 14. Ne2 Bg6
15. c5 Be7 16. O-O Qh5 17. Nf4 Qxc5 18. Bc3 Qg5 19. Qb2 Bf5 20. f3 Rad8 21.
fxe4 Bxe4 22. Rf2 Bc5 23. b4 Bb6 24. Raf1 Qg4 25. h3 Qg5 26. Kh2 Rfe8 27. g4
Re7 28. Nh5 Bd3 29. Bxg7 Bxf1 30. Bf6 Rxd2 31. Qxd2 Qxe3 32. Qxe3 Rxe3 33. Rxf1
Rxa3 34. Rd1 Ra2+ 35. Kh1 Bd4 36. Rxd4 Ra1+ 37. Kg2 Ra2+ 38. Kg3 Rd2 39. Rxd2
Kf8 40. Rd8# {Hossa checkmated} 1-0

[Event "ICS rated blitz match"]
[Site "207.99.83.227"]
[Date "1999.05.20"]
[Round "?"]
[White "DiDiodato"]
[Black "Hossa"]
[Result "0-1"]
[WhiteElo "2095"]
[BlackElo "2428"]
[PlyCount "34"]

1. a3 Nf6 2. g3 e5 3. Bg2 d5 4. b4 Bd6 5. Bb2 O-O 6. d3 a5 7. b5 Bd7 8. a4 c6
9. c4 Bb4+ 10. Bc3 dxc4 11. dxc4 Be6 12. Qb3 Qd4 13. Bxb4 axb4 14. Ra2 Bxc4 15.
Qb2 Bxa2 16. Qxa2 Qc5 17. bxc6 17... Qc1# {DiDiodato checkmated} 0-1

[Event "ICS rated blitz match"]
[Site "207.99.83.227"]
[Date "1999.05.20"]
[Round "?"]
[White "Volovka"]
[Black "Hossa"]
[Result "0-1"]
[WhiteElo "2230"]
[BlackElo "2432"]
[PlyCount "36"]

1. d4 Nf6 2. Nf3 c6 3. Bg5 Ne4 4. Bf4 d5 5. e3 Bg4 6. Be2 Qb6 7. Qc1 e6 8. O-O
Nd7 9. h3 Bh5 10. Nbd2 O-O-O 11. c4 Nxd2 12. Qxd2 dxc4 13. Bxc4 Bxf3 14. gxf3
e5 15. dxe5 Nxe5 16. Qxd8+ Kxd8 17. Bxe5 Qc5 18. Rfd1+ 18... Kc8 {
Volovka resigns} 0-1

[Event "ICS rated blitz match"]
[Site "207.99.83.227"]
[Date "1999.05.20"]
[Round "?"]
[White "Hossa"]
[Black "cayest"]
[Result "1-0"]
[WhiteElo "2440"]
[BlackElo "2061"]
[PlyCount "57"]

1. c4 Nf6 2. d4 c5 3. e3 e6 4. Nd2 b6 5. Ngf3 Bb7 6. Bd3 Be7 7. O-O d5 8. b3
Nbd7 9. Ng5 h6 10. Ngf3 O-O 11. Bb2 Rc8 12. Qe2 Ne4 13. Rae1 f5 14. Ne5 Nxe5
15. dxe5 d4 16. Bxe4 fxe4 17. exd4 cxd4 18. Nxe4 Rf4 19. Nd6 Bxd6 20. exd6 Re4
21. Qd3 Rg4 22. f3 Rh4 23. Rxe6 Rc5 24. Rfe1 Bc6 25. Qg6 Rg5 26. Re8+ Bxe8 27.
Rxe8+ Qxe8 28. Qxe8+ Kh7 29. d7 {cayest resigns} 1-0

[Event "ICS rated blitz match"]
[Site "207.99.83.227"]
[Date "1999.05.20"]
[Round "?"]
[White "Hossa"]
[Black "ColonialPast"]
[Result "1-0"]
[WhiteElo "2443"]
[BlackElo "2056"]
[PlyCount "74"]

1. c4 Nf6 2. d4 e6 3. Nc3 Bb4 4. Bg5 h6 5. Bh4 c5 6. e3 Qa5 7. Nge2 Ne4 8. Qd3
Bxc3+ 9. bxc3 d5 10. cxd5 exd5 11. f3 c4 12. Qc2 Nd6 13. e4 O-O 14. Be7 Qc7 15.
Bxf8 Kxf8 16. exd5 Bf5 17. Qa4 Nd7 18. Qa3 Kg8 19. O-O-O b5 20. g4 Bh7 21. Rg1
a5 22. g5 h5 23. Bh3 Rb8 24. Bxd7 Qxd7 25. g6 Bxg6 26. Nf4 b4 27. cxb4 axb4 28.
Qa6 Bf5 29. Nxh5 Kf8 30. Nxg7 b3 31. axb3 cxb3 32. Nxf5 b2+ 33. Kd2 Nxf5 34.
Qf6 Qxd5 35. Qh8+ Ke7 36. Rge1+ Kd7 37. Qxb8 37... Qxd4+ {ColonialPast resigns}
1-0

[Event "ICS rated blitz match"]
[Site "207.99.83.227"]
[Date "1999.05.20"]
[Round "?"]
[White "SMJT"]
[Black "Hossa"]
[Result "1/2-1/2"]
[WhiteElo "2311"]
[BlackElo "2446"]
[PlyCount "72"]

1. d4 Nf6 2. c4 g6 3. Nc3 Bg7 4. Nf3 O-O 5. e4 d6 6. Be2 e5 7. O-O exd4 8. Nxd4
Nc6 9. Be3 Nxd4 10. Bxd4 Re8 11. Bf3 Be6 12. b3 Qd7 13. Qd2 Bg4 14. Bxg4 Qxg4
15. f3 Qh4 16. Rad1 a5 17. a4 Bh6 18. Be3 Bxe3+ 19. Qxe3 Re5 20. Nd5 Nxd5 21.
Rxd5 Rh5 22. Rxh5 Qxh5 23. Rd1 b6 24. Rd5 Qh4 25. Qf2 Qf4 26. Qd2 Qxd2 27. Rxd2
h5 28. Kf2 Rf8 29. Rd5 Kg7 30. Ke3 h4 31. Kf4 f6 32. Kg4 Rh8 33. f4 Re8 34. Rd4
Rh8 35. Rd5 Re8 36. Rd4 36... Rh8 {Game drawn by mutual agreement} 1/2-1/2

[Event "ICS rated blitz match"]
[Site "207.99.83.227"]
[Date "1999.05.20"]
[Round "?"]
[White "Hossa"]
[Black "saknight"]
[Result "1-0"]
[WhiteElo "2440"]
[BlackElo "2067"]
[PlyCount "81"]

1. d4 g6 2. Nc3 Bg7 3. e4 d6 4. Bb5+ c6 5. Be2 Nf6 6. Nf3 O-O 7. O-O Qc7 8. Bf4
Nh5 9. Bg5 h6 10. Be3 e5 11. Qd2 Kh7 12. dxe5 dxe5 13. Rad1 Na6 14. Bxa6 bxa6
15. Bc5 Re8 16. Qd6 Qxd6 17. Rxd6 Rb8 18. b3 Bg4 19. Rxc6 Rbc8 20. Rxc8 Rxc8
21. Bb4 Nf4 22. Kh1 Bxf3 23. gxf3 Ne6 24. Rc1 Nd4 25. Kg2 h5 26. h3 Bh6 27. Rd1
Nxc2 28. Nd5 Nxb4 29. Nxb4 a5 30. Nd3 Bg7 31. f4 exf4 32. Nxf4 Rc2 33. Rd7 Kg8
34. a3 Rc3 35. Rxa7 Rxb3 36. Rxa5 Bd4 37. Ra4 Bc5 38. Ra8+ Kg7 39. a4 Rb2 40.
Nd3 Rc2 41. Rc8 {saknight resigns} 1-0

[Event "ICS rated standard match"]
[Site "207.99.83.227"]
[Date "1999.05.20"]
[Round "?"]
[White "sss20"]
[Black "Hossa"]
[Result "1/2-1/2"]
[WhiteElo "2010"]
[BlackElo "2265"]
[PlyCount "140"]

1. e4 e5 2. Nf3 d5 3. exd5 Qxd5 4. Nc3 Qa5 5. Qe2 Nc6 6. Qb5 Bd6 7. d4 exd4 8.
Qxa5 Nxa5 9. Nxd4 Ne7 10. Bg5 f6 11. Be3 O-O 12. O-O-O Re8 13. h3 a6 14. Bd3
Bb4 15. Ne4 c5 16. Nf3 c4 17. Bf1 Nf5 18. Bd2 Bxd2+ 19. Nexd2 Be6 20. g4 Nd6
21. c3 f5 22. Nd4 fxg4 23. Nxe6 Rxe6 24. hxg4 Rf8 25. Bg2 Re2 26. Bd5+ Kh8 27.
f3 b5 28. Ne4 Nab7 29. Bxb7 Nxb7 30. Rd7 Rb8 31. Nf6 gxf6 32. Rdxh7+ Kg8 33.
Rh8+ Kg7 34. Rxb8 Nc5 35. Kb1 Nd3 36. Rb7+ Kg6 37. Rhh7 Kg5 38. Rh5+ Kg6 39. f4
Nxf4 40. Rhh7 Ne6 41. b3 cxb3 42. axb3 Rg2 43. Rhe7 Ng5 44. Ra7 Rxg4 45. Rg7+
Kh6 46. Rg8 Rf4 47. Rxa6 Ne4 48. Kc2 Rf2+ 49. Kd3 Nc5+ 50. Ke3 Rf5 51. Ra2 Kh7
52. Rb8 Re5+ 53. Kf3 Rf5+ 54. Kg4 Rg5+ 55. Kh4 Kg6 56. Rxb5 Rh5+ 57. Kg4 f5+
58. Kg3 Ne4+ 59. Kf4 Rh4+ 60. Ke5 Nxc3 61. Rg2+ Rg4 62. Rb6+ Kg5 63. Rb8 Nd1
64. Rg8+ Kh4 65. R2xg4+ fxg4 66. Kf4 Kh3 67. Rxg4 Kh2 68. Kf3 Nc3 69. Rg2+ Kh3
70. Rg3+ 70... Kh4 {sss20 ran out of time and Hossa has no material to mate}
1/2-1/2

[Event "ICS rated blitz match"]
[Site "207.99.83.227"]
[Date "1999.05.20"]
[Round "?"]
[White "Hossa"]
[Black "WhiteCastles"]
[Result "1-0"]
[WhiteElo "2429"]
[BlackElo "2706"]
[PlyCount "115"]

1. c4 Nf6 2. d4 e6 3. Nc3 Bb4 4. Bg5 h6 5. Bh4 c5 6. e3 cxd4 7. exd4 Qa5 8. Qd3
Ne4 9. Nge2 d5 10. f3 Nd6 11. cxd5 Nf5 12. Bf2 exd5 13. g4 Ne7 14. Bh3 h5 15.
a3 hxg4 16. fxg4 Bd6 17. O-O-O Rh6 18. Nb5 Bd7 19. Nxd6+ Rxd6 20. Rhe1 Rf6 21.
Bh4 Bb5 22. Qg3 Re6 23. Nf4 Qc7+ 24. Kb1 Re4 25. Rxe4 dxe4 26. Bxe7 Ba4 27. Rc1
Nc6 28. Bh4 Qd6 29. d5 Nd4 30. Qe3 Qe5 31. Bg3 Bc2+ 32. Rxc2 Nxc2 33. Kxc2 Rc8+
34. Kb1 b6 35. Bg2 Rc4 36. Qe2 Qc7 37. Nd3 Qd8 38. Ne5 Rc5 39. Qxe4 Qe7 40. d6
Qxd6 41. Nd3+ Qe6 42. Nxc5 bxc5 43. Qa8+ Ke7 44. Bh4+ g5 45. Bxg5+ f6 46. Qb7+
Kd8 47. Qd5+ Qxd5 48. Bxf6+ Kd7 49. Bxd5 Kd6 50. Bc4 Kd7 51. g5 Kc6 52. g6 Kc7
53. b3 a5 54. g7 Kb7 55. g8=Q a4 56. Qg7+ Kc6 57. Be5 Kb6 58. Qc7# {
WhiteCastles checkmated} 1-0

[Event "ICS Rated blitz match"]
[Site "207.99.83.227"]
[Date "1999.05.20"]
[Round "?"]
[White "WhiteCastles"]
[Black "Hossa"]
[Result "0-1"]
[WhiteElo "2679"]
[BlackElo "2456"]
[PlyCount "154"]

1. e4 c5 2. Nf3 Nc6 3. d4 cxd4 4. Nxd4 Nf6 5. Nc3 e6 6. Ndb5 Bb4 7. a3 Bxc3+ 8.
Nxc3 d5 9. exd5 exd5 10. Bd3 O-O 11. O-O d4 12. Ne2 Qb6 13. f3 Bd7 14. Bf4 Nd5
15. Qc1 Bf5 16. Bd6 Rfe8 17. Qd2 Ne3 18. Rfe1 Bxd3 19. cxd3 Na5 20. Qb4 Nc2 21.
Qxb6 axb6 22. Rac1 Nxe1 23. Rxe1 Nb3 24. Kf1 Rac8 25. Nf4 Rxe1+ 26. Kxe1 Rc1+
27. Kf2 Rd1 28. Kg3 Nc1 29. Bc7 b5 30. b4 Rd2 31. Bb6 Nxd3 32. Nxd3 Rxd3 33.
Kf4 Rd1 34. Ke4 d3 35. Be3 h5 36. g3 Kh7 37. Kd4 Kg6 38. Kc3 h4 39. gxh4 Kf5
40. Bd4 g6 41. Be3 Rf1 42. Kd2 Rxf3 43. Kxd3 Rh3 44. Kd4 Rxh4+ 45. Kc5 Rxh2 46.
Kxb5 Rh3 47. Bc1 Rc3 48. Bb2 Rc6 49. Ka4 g5 50. b5 Rd6 51. Kb4 Ke4 52. Kc5 Rd5+
53. Kb6 f5 54. a4 f4 55. Bc3 Kd3 56. Bb4 f3 57. Be1 Ke2 58. Bg3 Rd1 59. a5 Rd5
60. Kxb7 Rxb5+ 61. Ka6 Rb3 62. Ka7 f2 63. Bxf2 Kxf2 64. a6 Ra3 65. Kb7 Kf3 66.
a7 Rxa7+ 67. Kxa7 g4 68. Kb6 g3 69. Kc5 g2 70. Kd5 g1=Q 71. Kc6 Ke4 72. Kd6 Qc1
73. Ke7 Ke5 74. Kd7 Qc2 75. Ke8 Ke6 76. Kd8 Qc1 77. Ke8 77... Qc8# {
WhiteCastles checkmated} 0-1

[Event "ICS rated blitz match"]
[Site "207.99.83.227"]
[Date "1999.05.20"]
[Round "?"]
[White "Hossa"]
[Black "WhiteCastles"]
[Result "1-0"]
[WhiteElo "2481"]
[BlackElo "2654"]
[PlyCount "79"]

1. d4 Nf6 2. e3 d5 3. Nf3 e6 4. Bb5+ Bd7 5. Bd3 c5 6. O-O c4 7. Be2 Bd6 8. b3
b5 9. bxc4 bxc4 10. Ba3 Bxa3 11. Nxa3 Qa5 12. Nb1 Nc6 13. Qd2 Qc7 14. Nc3 Rb8
15. Rab1 a6 16. Rxb8+ Nxb8 17. e4 Nxe4 18. Nxe4 dxe4 19. Ng5 c3 20. Qe3 f5 21.
Qh3 Bc8 22. Rb1 g6 23. Rb4 h6 24. Rc4 Qd8 25. Qxc3 O-O 26. Nh3 Bb7 27. Nf4 Bd5
28. Rc5 Nd7 29. Rc7 Re8 30. Bxa6 Bxa2 31. Bb5 Qg5 32. g3 Nf6 33. Ra7 Nd5 34.
Nxd5 Qc1+ 35. Kg2 Qf1+ 36. Kxf1 Bc4+ 37. Qxc4 Rf8 38. Qc7 Rf7 39. Qxf7+ Kh8 40.
Ra8# {WhiteCastles checkmated} 1-0

[Event "ICS Rated blitz match"]
[Site "207.99.83.227"]
[Date "1999.05.20"]
[Round "?"]
[White "WhiteCastles"]
[Black "Hossa"]
[Result "0-1"]
[WhiteElo "2631"]
[BlackElo "2504"]
[PlyCount "176"]

1. e4 c5 2. Nf3 Nc6 3. d4 cxd4 4. Nxd4 Nf6 5. Nc3 e6 6. Bf4 Bb4 7. Nxc6 Bxc3+
8. bxc3 bxc6 9. Qd4 d5 10. exd5 exd5 11. Be2 O-O 12. O-O Re8 13. Bd3 Ne4 14. f3
c5 15. Qa4 Nxc3 16. Qc6 Bf5 17. Bc7 Rc8 18. Rfe1 Rxe1+ 19. Rxe1 Bd7 20. Bxd8
Bxc6 21. Ba5 Nxa2 22. Ra1 Nb4 23. Bxb4 cxb4 24. Rxa7 g6 25. Kf2 Rb8 26. g3 b3
27. cxb3 Rxb3 28. Be2 Rb2 29. Ke1 Bb5 30. Bxb5 Rxb5 31. h4 Kg7 32. Kd2 Kf6 33.
Kc3 Rb6 34. Kd4 Ke6 35. Ra4 h5 36. Ra5 Rb4+ 37. Kc3 Rb1 38. Kd4 Rd1+ 39. Ke3 f6
40. Ra6+ Kf5 41. Ra5 Ke5 42. f4+ Kf5 43. Ke2 Rd4 44. Ra3 Kg4 45. Rb3 g5 46.
fxg5 fxg5 47. hxg5 Kxg5 48. Kf3 Kf5 49. Ra3 Ke5 50. Ke2 Rg4 51. Rd3 Rg6 52. Rf3
Rf6 53. Rb3 Ra6 54. Re3+ Kd4 55. Re7 Rg6 56. Kf3 Rf6+ 57. Ke2 Kc5 58. Re5 Rh6
59. Kd3 Rh7 60. Rf5 Rh8 61. Rg5 h4 62. gxh4 Rxh4 63. Rf5 Rd4+ 64. Kc3 Rg4 65.
Kd3 Rg3+ 66. Kd2 Kc4 67. Rf4+ d4 68. Rf2 Ra3 69. Rf4 Ra2+ 70. Ke1 Kc3 71. Rf7
Ra1+ 72. Kf2 d3 73. Rc7+ Kd2 74. Kf3 Re1 75. Rd7 Kc2 76. Rc7+ Kd1 77. Rd7 d2
78. Kf2 Kc2 79. Rc7+ Kb3 80. Rb7+ Kc4 81. Rd7 d1=Q 82. Rc7+ Kb5 83. Rb7+ Kc6
84. Ra7 Qd2+ 85. Kg3 Qg5+ 86. Kf2 Qe3+ 87. Kg2 Rg1+ 88. Kh2 88... Qg3# {
WhiteCastles checkmated} 0-1

[Event "ICS Rated blitz match"]
[Site "207.99.83.227"]
[Date "1999.05.20"]
[Round "?"]
[White "WhiteCastles"]
[Black "Hossa"]
[Result "1/2-1/2"]
[WhiteElo "2589"]
[BlackElo "2546"]
[PlyCount "123"]

1. d4 Nf6 2. c4 c5 3. d5 g6 4. Nc3 d6 5. e4 Bg7 6. Qa4+ Nbd7 7. f3 O-O 8. Bf4
Nb6 9. Qd1 Nfd7 10. Qd2 Ne5 11. b3 f5 12. Rd1 fxe4 13. Nxe4 Nf7 14. Bd3 e5 15.
dxe6 Bxe6 16. Bg3 Qe7 17. Ne2 d5 18. cxd5 Nxd5 19. Bc4 Rad8 20. O-O Nc3 21. Bd6
Nxd6 22. Bxe6+ Nf7 23. Bxf7+ Kxf7 24. Nd6+ Rxd6 25. Qf4+ Kg8 26. Qc4+ Qe6 27.
Nxc3 Qxc4 28. bxc4 Rxd1 29. Nxd1 Rf4 30. Ne3 Bd4 31. Kf2 Bxe3+ 32. Kxe3 Rxc4
33. Rd1 Rc2 34. Rd8+ Kg7 35. Rd7+ Kh6 36. Rxb7 Rxa2 37. g4 g5 38. Rc7 Ra5 39.
Ke4 Kg6 40. Kd5 Ra6 41. Rxc5 Kf6 42. Rc7 h6 43. Kd4 Kg6 44. Kd5 Ra4 45. Rc6+
Kg7 46. Ke5 Rf4 47. Rc7+ Rf7 48. Rxf7+ Kxf7 49. f4 gxf4 50. Kxf4 a5 51. Ke5 a4
52. Kd4 a3 53. Kc3 Kf6 54. h4 Ke5 55. Kb3 Kf4 56. g5 hxg5 57. hxg5 Kxg5 58. Ka2
Kf6 59. Kb3 Ke5 60. Ka2 Kd5 61. Kb3 a2 62. Kxa2 {
Game drawn because neither player has mating material} 1/2-1/2

[Event "ICS rated blitz match"]
[Site "207.99.83.227"]
[Date "1999.05.20"]
[Round "?"]
[White "Hossa"]
[Black "rajah"]
[Result "1/2-1/2"]
[WhiteElo "2548"]
[BlackElo "2503"]
[PlyCount "255"]

1. c4 e5 2. b3 Nf6 3. Bb2 Nc6 4. Nf3 e4 5. Nd4 Bc5 6. Nxc6 dxc6 7. d4 Bd6 8. c5
Be7 9. e3 Bg4 10. Be2 Bxe2 11. Qxe2 O-O 12. O-O b6 13. f3 bxc5 14. fxe4 Nxe4
15. Qg4 Nf6 16. Qf5 Nd5 17. Rf3 g6 18. Qc2 cxd4 19. exd4 Qd7 20. Nc3 Rad8 21.
Qd2 Bb4 22. Nxd5 Bxd2 23. Nf6+ Kh8 24. Nxd7 Rxd7 25. d5+ Kg8 26. dxc6 Rd5 27.
Bf6 Re8 28. Bh4 Re6 29. Bf6 Rxc6 30. Raf1 Rc2 31. a3 Bc1 32. a4 Bd2 33. h4 c5
34. R1f2 Rc1+ 35. Kh2 Re1 36. g4 Re4 37. Kh3 Be1 38. Rc2 h5 39. gxh5 Rxh5 40.
Rd3 Ba5 41. Rd7 Re3+ 42. Kg2 Bb6 43. Rb7 Re8 44. Rd2 Rf5 45. Bc3 c4 46. bxc4
Rf4 47. Rdd7 Rg4+ 48. Kf3 Rxh4 49. Bd2 Rd4 50. Rxd4 Bxd4 51. Rc7 Bb6 52. Rc6
Re5 53. Kf4 Rc5 54. Rxc5 Bxc5 55. Ke5 f5 56. Ke6 Bf2 57. Bg5 a5 58. Kd5 Bb6 59.
Kd6 Ba7 60. c5 Bb8+ 61. Kd7 f4 62. c6 f3 63. Be3 g5 64. Bf2 Kf8 65. c7 Bxc7 66.
Kxc7 Kf7 67. Kb6 Kg6 68. Kxa5 Kf5 69. Kb5 Kf4 70. Kc4 g4 71. Kd3 g3 72. Bb6 Kg4
73. Ke3 Kf5 74. Kxf3 Ke6 75. a5 Kd7 76. a6 Kc8 77. Ke4 Kb8 78. Kd5 Ka8 79. Kd6
Kb8 80. Kd7 g2 81. Bg1 Ka8 82. Kd6 Kb8 83. Ke5 Kc7 84. Kd5 Kb8 85. a7+ Ka8 86.
Ke6 Kb7 87. Kf6 Ka8 88. Ke7 Kb7 89. Kd8 Ka8 90. Kd7 Kb7 91. Kd6 Ka8 92. Ke5 Kb7
93. Ke6 Ka8 94. Kd5 Kb7 95. Ke5 Ka8 96. Kf6 Kb7 97. Kf7 Ka8 98. Ke8 Kb7 99. Ke7
Ka8 100. Kd8 Kb7 101. Ke8 Ka8 102. Kf7 Kb7 103. Kg6 Ka8 104. Kg5 Kb7 105. Kh6
Ka8 106. Kg7 Kb7 107. Kf8 Ka8 108. Kg8 Kb7 109. Kg7 Ka8 110. Kg6 Kb7 111. Kf5
Ka8 112. Kf4 Kb7 113. Ke4 Ka8 114. Kf5 Kb7 115. Kg5 Ka8 116. Kg4 Kb7 117. Kh5
Ka8 118. Kh4 Kb7 119. Kg4 Ka8 120. Kf3 Kb7 121. Ke2 Ka8 122. Kd3 Kb7 123. Kc4
Ka8 124. Kb4 Kb7 125. Ka5 Ka8 126. Ka4 Kb7 127. Kb5 Ka8 128. Kb6 {
rajah stalemated} 1/2-1/2

[Event "ICS Rated blitz match"]
[Site "207.99.83.227"]
[Date "1999.05.20"]
[Round "?"]
[White "Hossa"]
[Black "Amateur"]
[Result "1/2-1/2"]
[WhiteElo "2546"]
[BlackElo "2540"]
[PlyCount "24"]

1. g3 e5 2. d4 exd4 3. Qxd4 Nc6 4. Qd3 d5 5. Bg2 Nf6 6. Nf3 Nb4 7. Qb3 Be6 8.
a3 d4 9. Qa4+ Bd7 10. Qb3 Be6 11. Qa4+ Bd7 12. Qb3 12... Be6 {
Game drawn by repetition} 1/2-1/2

[Event "ICS Rated blitz match"]
[Site "207.99.83.227"]
[Date "1999.05.20"]
[Round "?"]
[White "Amateur"]
[Black "Hossa"]
[Result "1-0"]
[WhiteElo "2540"]
[BlackElo "2546"]
[PlyCount "107"]

1. e4 e5 2. Nf3 d5 3. exd5 Qxd5 4. Nc3 Qa5 5. Bc4 Bb4 6. Nd5 Be6 7. c3 Bxd5 8.
cxb4 Qxb4 9. Bxd5 Nf6 10. Qb3 Qxb3 11. Bxb3 e4 12. Ne5 O-O 13. d3 exd3 14. Bc4
Nbd7 15. Nxd7 Rfe8+ 16. Be3 d2+ 17. Kxd2 Nxd7 18. Kc3 Ne5 19. Be2 Re6 20. Rad1
Rae8 21. Rd5 c6 22. Ra5 a6 23. Rd1 Ng6 24. Rd7 R6e7 25. Rxe7 Nxe7 26. Bf3 Ng6
27. Rh5 Ne5 28. Be4 g6 29. Rh4 f5 30. Bc2 h5 31. Rb4 b5 32. Rh4 a5 33. Bb6 a4
34. Rd4 a3 35. bxa3 Rb8 36. Bc7 Re8 37. a4 Kf7 38. Bb3+ Kg7 39. Bxe5+ Rxe5 40.
Rd7+ Kh6 41. a5 Re2 42. a6 h4 43. Rd6 h3 44. gxh3 Kg7 45. Re6 b4+ 46. Kd3 Rxf2
47. a7 Rxh2 48. Re3 f4 49. Rf3 c5 50. a8=Q Rh1 51. Rxf4 c4+ 52. Kd4 Rc1 53.
Qf8+ Kh7 54. Rh4# {Hossa checkmated} 1-0

[Event "ICS rated blitz match"]
[Site "207.99.83.227"]
[Date "1999.05.20"]
[Round "?"]
[White "Hossa"]
[Black "Amateur"]
[Result "0-1"]
[WhiteElo "2530"]
[BlackElo "2556"]
[PlyCount "69"]

1. g3 d5 2. Bg2 c6 3. Nf3 Bf5 4. O-O Nd7 5. d4 e6 6. Bf4 Qb6 7. b3 Be7 8. Nc3
Qa5 9. Na4 Ngf6 10. Nh4 Bg4 11. f3 Bh5 12. g4 g5 13. Bxg5 Nxg4 14. Bd2 Ne3 15.
Bxa5 Nxd1 16. Raxd1 Bxh4 17. Bc7 Bg6 18. e4 Rg8 19. Nc3 Nf6 20. Kh1 dxe4 21.
fxe4 Ng4 22. Rd2 Ne3 23. Rg1 Be7 24. Re2 Nxg2 25. Rgxg2 Bd8 26. Bxd8 Rxd8 27.
h4 Ke7 28. Re1 Bh5 29. Rxg8 Rxg8 30. Kh2 Rd8 31. Kg3 Rxd4 32. Na4 Rd2 33. Rc1
Re2 34. Kf4 f6 35. Rf1 {Hossa resigns} 0-1

[Event "ICS Unrated blitz match"]
[Site "207.99.83.227"]
[Date "1999.05.20"]
[Round "?"]
[White "DiepX"]
[Black "Hossa"]
[Result "1-0"]
[WhiteElo "2651"]
[BlackElo "2515"]
[PlyCount "58"]

1. e4 c5 2. Nf3 Nc6 3. Bb5 Qb6 4. Nc3 e6 5. O-O Nge7 6. Re1 Ng6 7. d3 Be7 8. a4
O-O 9. Be3 a6 10. Bxc6 Qxc6 11. d4 d6 12. d5 Qb6 13. Qd3 e5 14. Nd2 Qb4 15. Nc4
f5 16. b3 Bd7 17. Na2 Qxe1+ 18. Rxe1 fxe4 19. Qd1 b5 20. Nb6 Rad8 21. Nxd7 Rxd7
22. axb5 axb5 23. Nc3 c4 24. Qg4 Rb7 25. Qe6+ Kh8 26. Nxe4 cxb3 27. cxb3 Rd8
28. Rc1 Nf8 29. Qf7 29... Rbd7 {Hossa resigns} 1-0

[Event "ICS Unrated blitz match"]
[Site "207.99.83.227"]
[Date "1999.05.20"]
[Round "?"]
[White "Hossa"]
[Black "DiepX"]
[Result "1/2-1/2"]
[WhiteElo "2515"]
[BlackElo "2651"]
[PlyCount "64"]

1. e4 e5 2. Nf3 Nc6 3. Bc4 Bc5 4. b4 Bb6 5. a4 a6 6. O-O d6 7. a5 Ba7 8. Ba3
Be6 9. d3 Bxc4 10. dxc4 Nf6 11. Qd3 O-O 12. Nc3 Nd4 13. Rad1 c5 14. Nxd4 cxb4
15. Bxb4 Bxd4 16. Nd5 Rc8 17. Nxf6+ Qxf6 18. c3 Bc5 19. Qd5 Qe7 20. Rd2 Rc6 21.
Rb1 Rfc8 22. Bxc5 Rxc5 23. Qxd6 Qxd6 24. Rxd6 Rxa5 25. f4 exf4 26. Rxb7 h5 27.
Rdd7 Ra1+ 28. Kf2 Ra2+ 29. Kf1 Ra1+ 30. Kf2 Ra2+ 31. Kf1 Ra1+ 32. Kf2 32...
Ra2+ {Game drawn by repetition} 1/2-1/2

[Event "ICS Unrated blitz match"]
[Site "207.99.83.227"]
[Date "1999.05.20"]
[Round "?"]
[White "DiepX"]
[Black "Hossa"]
[Result "0-1"]
[WhiteElo "2651"]
[BlackElo "2515"]
[PlyCount "138"]

1. e4 c5 2. Nf3 Nc6 3. d4 cxd4 4. Nxd4 Nf6 5. Nc3 e6 6. Ndb5 Bb4 7. a3 Bxc3+ 8.
Nxc3 d5 9. exd5 exd5 10. Bd3 O-O 11. O-O d4 12. Ne4 Bf5 13. Bg5 Bxe4 14. Bxe4
h6 15. Bh4 Qd6 16. Bg3 Qd8 17. Bf5 Qb6 18. Qf3 Rae8 19. Rad1 Re7 20. b4 Ne5 21.
Qb3 Rd8 22. a4 Nd5 23. f4 Nc6 24. Bh4 f6 25. b5 Re3 26. Qa2 Nce7 27. Bd3 Kh8
28. Qa1 Nc3 29. Rde1 Ned5 30. f5 Rde8 31. Bf2 R3e5 32. a5 Qc5 33. a6 b6 34. Bg3
Ne2+ 35. Bxe2 Rxe2 36. Bf2 Nc3 37. Kh1 R8e4 38. Bg3 Rxc2 39. Rxe4 Nxe4 40. Bh4
Qxb5 41. Rf4 Qc4 42. Qg1 Rc1 43. Rxe4 Rxg1+ 44. Kxg1 Qxa6 45. Re7 Qa3 46. Re8+
Kh7 47. Re1 d3 48. Kf2 Qc3 49. Bxf6 Qxf6 50. Ke3 Qe5+ 51. Kf2 Qc5+ 52. Kf3 Qc2
53. Rh1 Qe2+ 54. Kf4 d2 55. g3 Qf2+ 56. Ke4 Qg2+ 57. Ke3 Qxh1 58. Kxd2 Qxh2+
59. Ke3 Qxg3+ 60. Ke4 h5 61. f6 gxf6 62. Kd4 Qe5+ 63. Kd3 h4 64. Kc4 h3 65. Kd3
h2 66. Kd2 h1=Q 67. Kc2 Qee4+ 68. Kc3 Qc1+ 69. Kb3 69... Qec4# {
DiepX checkmated} 0-1